International human resource management / (Record no. 30672)
[ view plain ]
| 000 -LEADER | |
|---|---|
| fixed length control field | 01451cam a2200361 i 4500 |
| 001 - CONTROL NUMBER | |
| control field | on1368273740 |
| 003 - CONTROL NUMBER IDENTIFIER | |
| control field | EG-ScBUE |
| 005 - DATE AND TIME OF LATEST TRANSACTION | |
| control field | 20240228145116.0 |
| 008 - FIXED-LENGTH DATA ELEMENTS--GENERAL INFORMATION | |
| fixed length control field | 230130t2023 enka f b 001 0 eng d |
| 020 ## - INTERNATIONAL STANDARD BOOK NUMBER | |
| International Standard Book Number | 9781473773790 |
| 035 ## - SYSTEM CONTROL NUMBER | |
| System control number | (OCoLC)1368273740 |
| 040 ## - CATALOGING SOURCE | |
| Original cataloging agency | UKMGB |
| Language of cataloging | eng |
| Description conventions | rda |
| Transcribing agency | UKMGB |
| Modifying agency | OCLCF |
| -- | SISPL |
| -- | OCLCO |
| -- | YDX |
| -- | EG-ScBUE |
| 082 04 - DEWEY DECIMAL CLASSIFICATION NUMBER | |
| Classification number | 658.3 |
| Edition number | 22 |
| Item number | DOW |
| 100 1# - MAIN ENTRY--PERSONAL NAME | |
| Personal name | Dowling, Peter J. |
| Fuller form of name | (Peter John), |
| Relator term | author. |
| 245 10 - TITLE STATEMENT | |
| Title | International human resource management / |
| Statement of responsibility, etc | Peter J. Dowling, Marion Festing, Allen D. Engle, Sr. |
| 250 ## - EDITION STATEMENT | |
| Edition statement | Eighth edition. |
| 264 #1 - PUBLICATION, DISTRIBUTION, ETC. (IMPRINT) | |
| Place of publication, distribution, etc | Andover, Hampshire, United Kingdom : |
| Name of publisher, distributor, etc | Cengage Learning, |
| Date of publication, distribution, etc | [2023] |
| 264 #4 - PUBLICATION, DISTRIBUTION, ETC. (IMPRINT) | |
| Date of publication, distribution, etc | c2023 |
| 300 ## - PHYSICAL DESCRIPTION | |
| Extent | xv, 440 pages : |
| Other physical details | illustrations ; |
| Dimensions | 27 cm |
| 336 ## - CONTENT TYPE | |
| Content type term | text |
| Source | rdacontent |
| Content type code | txt |
| 337 ## - MEDIA TYPE | |
| Media type term | unmediated |
| Source | rdamedia |
| Media type code | n |
| 338 ## - CARRIER TYPE | |
| Carrier type term | volume |
| Source | rdacarrier |
| Carrier type code | nc |
| 500 ## - GENERAL NOTE | |
| General note | Previous edition: Australia: Cengage Learning, 2017. |
| 504 ## - BIBLIOGRAPHY, ETC. NOTE | |
| Bibliography, etc | Includes bibliographical references and index. |
| 650 #7 - SUBJECT ADDED ENTRY--TOPICAL TERM | |
| Topical term or geographic name as entry element | International business enterprises |
| General subdivision | Personnel management. |
| Source of heading or term | BUEsh |
| 653 ## - INDEX TERM--UNCONTROLLED | |
| Arrived date list | February2024 |
| Resource For college | BAEPS, Business Administration |
| 655 ## - INDEX TERM--GENRE/FORM | |
| Form subdivision | Reading book |
| 700 1# - ADDED ENTRY--PERSONAL NAME | |
| Personal name | Festing, Marion, |
| Relator term | author. |
| 700 1# - ADDED ENTRY--PERSONAL NAME | |
| Personal name | Engle, Allen D., |
| Titles and other words associated with a name | Sr., |
| Relator term | author. |
| 942 ## - ADDED ENTRY ELEMENTS (KOHA) | |
| Source of classification or shelving scheme | Dewey Decimal Classification |
| Koha item type | Book - Borrowing |
| 949 ## - LOCAL PROCESSING INFORMATION (OCLC) | |
| t | NONCIRC |
| l | _ULDEMAND |
| m | I-UNIVLIB |
| o | .PUBLIC. Books on Demand service for IUPUI University Library users only |
| -- | .PUBLIC. Click the “Get this for IUPUI” button to submit a request. |
| Withdrawn status | Lost status | Source of classification or shelving scheme | Damaged status | Not for loan | Collection code | Home library | Current library | Shelving location | Date acquired | Source of acquisition | Cost, normal purchase price | Serial Enumeration / chronology | Total Checkouts | Full call number | Barcode | Date last seen | Cost, replacement price | Price effective from | Koha item type |
|---|---|---|---|---|---|---|---|---|---|---|---|---|---|---|---|---|---|---|---|
| Dewey Decimal Classification | Alahram | Central Library | Central Library | First floor | 28/02/2024 | Purchase | 3099.00 | 182 | 658.3 DOW | 000057019 | 15/07/2025 | 3874.00 | 28/02/2024 | Book - Borrowing |